Business marketing / (Record no. 134740)

MARC details
000 -LEADER
fixed length control field 00733nam a2200253 a 4500
008 - FIXED-LENGTH DATA ELEMENTS--GENERAL INFORMATION
fixed length control field
020 ## - INTERNATIONAL STANDARD BOOK NUMBER
International Standard Book Number 0395560837(hbk.)
049 ## - LOCAL HOLDINGS (OCLC)
Holding library MAIN
050 00 - LIBRARY OF CONGRESS CALL NUMBER
Classification number HF5415.12
Item number GRO
003 - CONTROL NUMBER IDENTIFIER
control field
005 - DATE AND TIME OF LATEST TRANSACTION
control field 20230123125038.0
040 ## - CATALOGING SOURCE
Transcribing agency NUST
245 00 - TITLE STATEMENT
Title Business marketing /
Statement of responsibility, etc. Andrew C. Gross.
260 ## - PUBLICATION, DISTRIBUTION, ETC.
Place of publication, distribution, etc. Boston :
Name of publisher, distributor, etc. Houghton Mifflin,
Date of publication, distribution, etc. c1993.
300 ## - PHYSICAL DESCRIPTION
Extent xxi, 763 p.[various pagings] :
Other physical details ill. (some col.) ;
Dimensions 24 cm.
504 ## - BIBLIOGRAPHY, ETC. NOTE
Bibliography, etc. note Includes bibliographical references.
500 ## - GENERAL NOTE
General note Includes index
650 #0 - SUBJECT ADDED ENTRY--TOPICAL TERM
Topical term or geographic name entry element Industrial marketing.
700 ## - ADDED ENTRY--PERSONAL NAME
Personal name Ford David I.
700 ## - ADDED ENTRY--PERSONAL NAME
Personal name Meredith N.Lindsay
700 ## - ADDED ENTRY--PERSONAL NAME
Personal name Banting M. Peter.
907 ## - LOCAL DATA ELEMENT G, LDG (RLIN)
a .b10281241
b 27-08-12
c 25-08-10
942 ## - ADDED ENTRY ELEMENTS (KOHA)
Koha item type Ordinary Loan Books
Holdings
Date last seen Total Checkouts Full call number Barcode Cost, replacement price Price effective from Koha item type Lost status Source of classification or shelving scheme Damaged status Not for loan Collection Withdrawn status Home library Current library Shelving location Date acquired Cost, normal purchase price
01/23/2023 14 HF5415.12 GRO 92004014017 80.00 01/23/2023 BOOKS   LCC     NFIC   MAIN MAIN GEN 01/23/2023 80.00